[Event "London Chess Classic FIDE Open"]
[Site "London ENG"]
[Date "2010.12.11"]
[Round "4"]
[White "Kane, Robert"]
[Black "Seymour, Timothy P"]
[Result "0-1"]
[WhiteElo "1875"]
[BlackElo "2052"]
[WhiteFideId "420468"]
[BlackFideId "412112"]
[EventDate "2010.12.08"]

1. d4 f5 2. Bg5 g6 3. Nc3 Bg7 4. e4 fxe4 5. Nxe4 d5 6. Nc5 b6 7. Nb3 Nh6 8. Nf3
Nf7 9. Bf4 O-O 10. Be2 Nd7 11. O-O e5 12. dxe5 Ndxe5 13. c3 c5 14. Qd2 Bh8 15.
Rfe1 Bb7 16. Nxe5 Nxe5 17. Bg3 Qd7 18. h3 Bf6 19. Bxe5 Bxe5 20. c4 d4 21. Bg4
Qc6 22. f4 Bxf4 23. Bf3 Bxd2 24. Bxc6 Bxe1 25. Bxb7 Rae8 26. Bd5+ Kg7 27. a4 Re3 0-1

[Event "London Chess Classic FIDE Open"]
[Site "London ENG"]
[Date "2010.12.11"]
[Round "4"]
[White "Haddock, Paul"]
[Black "Vachtfeidl, Petr"]
[Result "0-1"]
[WhiteElo "1793"]
[BlackElo "2038"]
[WhiteFideId "419150"]
[BlackFideId "315028"]
[EventDate "2010.12.08"]

1. e4 c5 2. Nc3 Nc6 3. f4 e6 4. Nf3 d5 5. Bb5 Ne7 6. d3 a6 7. Bxc6+ Nxc6 8. O-O
Be7 9. Qe1 O-O 10. Ne2 b5 11. c3 dxe4 12. dxe4 Bb7 13. f5 exf5 14. exf5 Re8 15.
Qf2 Qd7 16. Ng3 c4 17. Be3 Rad8 18. Bb6 Rb8 19. Rad1 Qc8 20. Bd4 Nxd4 21. Nxd4
Bc5 22. f6 g6 23. Qf4 Qe6 24. Kh1 Qh3 25. Nf3 Bxf3 26. Rxf3 Qe6 27. Qc7 Rbc8 28.
Qf4 Rcd8 29. Rdf1 Rd3 30. Qh6 Bf8 31. Qf4 Rxf3 32. Rxf3 Qe1+ 33. Rf1 Qe3 34. Qd4
Qxd4 35. cxd4 h5 36. h4 Bd6 37. Kh2 Re3 38. Rf3 Rxf3 39. gxf3 b4 40. Kg2 Bxg3 0-1

[Event "London Chess Classic FIDE Open"]
[Site "London ENG"]
[Date "2010.12.11"]
[Round "4"]
[White "Lie, Terje"]
[Black "Kumar, Shankar"]
[Result "1/2-1/2"]
[WhiteElo "1626"]
[BlackElo "1795"]
[WhiteFideId "1504916"]
[BlackFideId "15600149"]
[EventDate "2010.12.08"]

1. d4 Nf6 2. c4 e6 3. Nf3 b6 4. g3 Bb7 5. Bg2 Be7 6. O-O O-O 7. Nc3 Ne4 8. Qc2
Nxc3 9. Qxc3 f5 10. Bf4 d6 11. Qd2 Bf6 12. Bg5 Nd7 13. Rad1 h6 14. Bxf6 Nxf6 15.
b3 Qe7 16. Qb2 Ne4 17. e3 g5 18. Nd2 Nxd2 19. Qxd2 Bxg2 20. Kxg2 Rf7 21. Qe2 g4
22. h4 a5 23. e4 h5 24. exf5 exf5 25. Qd2 Raf8 26. Rfe1 Qf6 27. Qf4 Re7 28. Re3
Rfe8 29. Rde1 Rxe3 30. Rxe3 Rxe3 31. fxe3 Kf7 32. Kf2 c5 33. Ke2 Ke7 34. Kd3 Kf7
35. a3 Ke7 36. Qf2 Qe6 37. Qg2 Qd7 38. Qd5 Kf6 39. a4 Kg6 40. Qg8+ Kf6 41. Qh8+
Kg6 42. Qg8+ Qg7 43. Qe8+ Qf7 44. Qc6 Qe7 45. dxc5 bxc5 46. Qd5 Kf6 47. Qa8 Qe5
48. Qxa5 Qxg3 49. Qd8+ Ke6 50. Qc8+ Kf6 51. Qf8+ Ke6 52. Qh6+ Ke5 53. Qxh5 Qe1
54. Qh8+ Ke6 55. Qc8+ Ke5 56. Qe8+ Kf6 57. Qf8+ Ke6 58. Qg8+ Kf6 59. Qg5+ Ke6
60. Qh6+ Ke7 61. Qg7+ Ke6 62. Qg8+ Ke7 63. Qg5+ Ke6 64. h5 Qd1+ 65. Kc3 Qc1+ 66.
Kd3 Qd1+ 67. Kc3 Qc1+ 1/2-1/2

[Event "London Chess Classic FIDE Open"]
[Site "London ENG"]
[Date "2010.12.12"]
[Round "5"]
[White "Hebden, Mark L"]
[Black "Gormally, Daniel W"]
[Result "1/2-1/2"]
[WhiteTitle "GM"]
[BlackTitle "GM"]
[WhiteElo "2560"]
[BlackElo "2470"]
[WhiteFideId "400084"]
[BlackFideId "406465"]
[EventDate "2010.12.08"]

1. d4 Nf6 2. Nf3 g6 3. Nc3 Bg7 4. e4 d6 5. h3 c6 6. a4 O-O 7. Be3 Nbd7 8. a5 Qc7
9. Qd2 e5 10. dxe5 Nxe5 11. Nxe5 dxe5 12. Bc4 Rd8 13. Qe2 Nh5 14. g3 Qe7 15. h4
Nf6 16. Bg5 Be6 17. Bxe6 Qxe6 18. O-O Rd4 19. Rfd1 Bf8 20. Rxd4 exd4 21. Bxf6
Qxf6 22. Nb1 Re8 23. Nd2 Qe6 24. Ra4 c5 25. f4 Qc6 26. Ra1 c4 27. Qxc4 Qxc4 28.
Nxc4 Rxe4 29. Kf1 Bb4 30. Rd1 f6 31. Nd2 Re3 32. Nb3 d3 33. Rxd3 Rxd3 34. cxd3
Kf7 35. Ke2 Ke6 36. g4 f5 37. gxf5+ Kxf5 38. Kf3 Be1 39. h5 gxh5 40. Nd4+ Kf6
41. Nb5 Bxa5 42. Nxa7 h4 43. Nb5 h3 44. Nd6 Be1 45. d4 Ke6 46. Nxb7 Kd5 47. Nd8
Kxd4 48. Ne6+ Kd5 49. Ng5 h2 50. Kg2 Bd2 51. Nxh7 1/2-1/2

[Event "London Chess Classic FIDE Open"]
[Site "London ENG"]
[Date "2010.12.12"]
[Round "5"]
[White "Jones, Gawain C B"]
[Black "Gupta, Abhijeet"]
[Result "1-0"]
[WhiteTitle "GM"]
[BlackTitle "GM"]
[WhiteElo "2575"]
[BlackElo "2600"]
[WhiteFideId "409561"]
[BlackFideId "5010608"]
[EventDate "2010.12.08"]

1. e4 e5 2. Nf3 Nc6 3. d4 exd4 4. Nxd4 Nf6 5. Nxc6 bxc6 6. e5 Qe7 7. Qe2 Nd5 8.
c4 Nb6 9. Nc3 Qe6 10. Qe4 g6 11. Bd3 Ba6 12. b3 Bg7 13. f4 O-O 14. Ba3 Rfc8 15.
Qe2 f5 16. g4 fxg4 17. Ne4 d6 18. Ng5 Qe8 19. Qxg4 dxe5 20. O-O-O Rd8 21. f5 Bc8
22. Qh4 h6 23. f6 hxg5 24. Qxg5 Rxd3 25. Rxd3 Bf5 26. Rf3 Qe6 27. fxg7 Nxc4 28.
Qh4 Nxa3 29. Qh8+ Kf7 30. Qxa8 Kxg7 31. Qxa7 Qd5 32. Qf2 Nb5 33. Rd1 Qe6 34.
Rxf5 gxf5 35. Rg1+ Kf8 36. Qh4 Nd6 37. Qh8+ Ke7 38. Rg7+ Nf7 39. Qh7 1-0

[Event "London Chess Classic FIDE Open"]
[Site "London ENG"]
[Date "2010.12.12"]
[Round "5"]
[White "Radovanovic, Jovica"]
[Black "Andersen, Mads"]
[Result "1/2-1/2"]
[WhiteTitle "FM"]
[BlackTitle "FM"]
[WhiteElo "2276"]
[BlackElo "2382"]
[WhiteFideId "915912"]
[BlackFideId "1413864"]
[EventDate "2010.12.08"]

1. c4 Nf6 2. Nc3 e5 3. Nf3 Nc6 4. d4 exd4 5. Nxd4 Bb4 6. Bg5 Bxc3+ 7. bxc3 h6 8.
Nxc6 bxc6 9. Bh4 Qe7 10. e3 O-O 11. Bd3 Qe5 12. Qc2 d6 13. O-O Ng4 14. Bg3 Qc5
15. Be2 Ne5 16. Qe4 Ba6 17. Bxe5 dxe5 18. Rfd1 Rad8 19. g4 Rd6 20. Rab1 g6 21.
Rxd6 cxd6 22. h4 Re8 23. h5 d5 24. Qf3 Qd6 25. hxg6 Qxg6 26. Rb4 Qc2 27. Bf1 c5
28. Rb3 Qxa2 29. Qd1 Bxc4 30. Bxc4 dxc4 31. Rb7 Rf8 32. Rd7 Qb3 33. Qf3 Qxc3 34.
Qf6 Qc1+ 35. Kg2 Qc2 36. Qxh6 a5 37. Rd6 Qe4+ 38. f3 Qh7 39. Qg5+ Qg7 40. Qf5
Rb8 41. Rc6 Rb2+ 42. Kg3 Rb8 43. Rxc5 Re8 44. Rxc4 Qg6 45. Qd7 Qe6 46. Qxe6 Rxe6
47. Rc8+ Kg7 48. Ra8 Rb6 49. Rxa5 Kf6 50. Ra3 Kg6 51. Kh4 f6 52. f4 exf4 53.
exf4 Rc6 54. Re3 Kf7 55. Rb3 Kg6 56. Rb7 Ra6 57. Re7 Ra1 58. Re3 Rb1 59. Ra3 Rb6
60. Kg3 Kh6 61. Kf3 Kg6 62. Rc3 Ra6 63. Rc4 Ra3+ 64. Ke4 Ra6 65. Kd5 Ra5+ 66.
Kd6 Ra6+ 67. Kd5 Ra5+ 68. Ke4 Ra6 69. Rd4 Rb6 70. Kd5 Ra6 71. Rb4 Ra5+ 72. Ke4
Ra6 73. Rc4 Rb6 74. Rc5 Rb4+ 75. Ke3 Rb3+ 76. Kd4 Rb4+ 77. Rc4 Rb6 78. Ke4 Ra6
79. Rd4 Rb6 80. Kd5 Ra6 81. Rc4 Ra5+ 82. Ke4 Ra6 83. g5 fxg5 84. fxg5 Kxg5 1/2-1/2

[Event "London Chess Classic FIDE Open"]
[Site "London ENG"]
[Date "2010.12.12"]
[Round "5"]
[White "Thorhallsson, Throstur"]
[Black "Greenfeld, Alon"]
[Result "1/2-1/2"]
[WhiteTitle "GM"]
[BlackTitle "GM"]
[WhiteElo "2367"]
[BlackElo "2564"]
[WhiteFideId "2300109"]
[BlackFideId "2800039"]
[EventDate "2010.12.08"]

1. e4 c5 2. Nf3 d6 3. d4 cxd4 4. Nxd4 Nf6 5. Nc3 e6 6. Bg5 Be7 7. Qd2 a6 8.
O-O-O b5 9. a3 h6 10. Bh4 Qb6 11. Qe1 g5 12. Bg3 e5 13. Nf5 Bxf5 14. exf5 Nbd7
15. f3 Rb8 16. Nd5 Nxd5 17. Rxd5 Qc6 18. Rd1 Bf6 19. Bd3 Nc5 20. Bf2 d5 21. Kb1
O-O 22. h4 Rfc8 23. Bxc5 Qxc5 24. hxg5 hxg5 25. Qd2 b4 26. a4 e4 27. Bxa6 Rd8
28. Rh6 Rb6 29. Rxf6 Rxf6 30. Qe1 e3 31. Qg3 Rxf5 32. Bd3 d4 33. Rh1 Qe5 34. Qh3
Rf4 35. Qh6 Qf6 36. Bh7+ Kh8 37. Bg6+ Kg8 38. Bh7+ Kh8 39. Bg6+ Kg8 40. Bh7+ 1/2-1/2

[Event "London Chess Classic FIDE Open"]
[Site "London ENG"]
[Date "2010.12.12"]
[Round "5"]
[White "Llaneza Vega, Marcos"]
[Black "Gullaksen, Eirik"]
[Result "1-0"]
[WhiteTitle "IM"]
[BlackTitle "IM"]
[WhiteElo "2479"]
[BlackElo "2364"]
[WhiteFideId "2253585"]
[BlackFideId "1500945"]
[EventDate "2010.12.08"]

1. e4 c5 2. Nf3 Nc6 3. Nc3 Nf6 4. Bb5 g6 5. O-O Bg7 6. h3 O-O 7. e5 Ne8 8. Re1
Nc7 9. a4 Nxb5 10. axb5 Nd4 11. d3 d5 12. Ra4 Nxf3+ 13. Qxf3 d4 14. Nd5 Bd7 15.
c4 a6 16. Bg5 f6 17. exf6 exf6 18. Bf4 Rf7 19. Ra3 axb5 20. Bc7 Qf8 21. Bd6 Qxd6
22. Rxa8+ Bf8 23. Rd8 bxc4 24. dxc4 Kg7 25. Nf4 Qc7 26. Ree8 Bd6 27. Qg3 g5 28.
Ne6+ Bxe6 29. Rg8+ Kh6 30. Rxd6 Qe7 31. h4 g4 32. Qf4+ Kh5 33. Rxe6 Qxe6 34.
Rg5+ Kxh4 35. g3+ 1-0

[Event "London Chess Classic FIDE Open"]
[Site "London ENG"]
[Date "2010.12.12"]
[Round "5"]
[White "Stoma, Pawel"]
[Black "McDonald, Neil"]
[Result "0-1"]
[BlackTitle "GM"]
[WhiteElo "2351"]
[BlackElo "2449"]
[WhiteFideId "1113569"]
[BlackFideId "400629"]
[EventDate "2010.12.08"]

1. e4 e6 2. d4 d5 3. exd5 exd5 4. Nf3 Nc6 5. Bb5 Bd6 6. c4 dxc4 7. d5 a6 8. Ba4
b5 9. dxc6 bxa4 10. O-O Ne7 11. Qxa4 Rb8 12. a3 O-O 13. Nbd2 Rb5 14. Nxc4 Nxc6
15. Bg5 Qd7 16. Nxd6 cxd6 17. Rac1 Bb7 18. Rfe1 Qf5 19. Qf4 Qg6 20. Red1 h6 21.
Bh4 Ne5 22. Ne1 Re8 23. Bg3 Rxb2 24. Qd4 Re2 25. Kf1 a5 26. Qb6 Ba8 27. Qb5 Ng4
28. Qxe2 Rxe2 29. Kxe2 Qf5 30. Rxd6 Qb5+ 31. Kd2 Kh7 32. Rc3 Qb2+ 33. Nc2 Bxg2
34. f3 Nf6 35. Be5 Nh5 36. Rd4 Qb5 37. Bc7 Nf6 38. a4 Qf1 39. Rdd3 Bh3 40. Bxa5
Bf5 41. Rd8 Nd7 42. Re8 Be6 43. Bc7 Nc5 44. a5 Nb3+ 45. Ke3 Qc1+ 46. Ke4 Qd2 47.
Rxb3 Qxc2+ 48. Rd3 0-1

[Event "London Chess Classic FIDE Open"]
[Site "London ENG"]
[Date "2010.12.12"]
[Round "5"]
[White "Piper, Matthew S"]
[Black "Roy Chowdhury, Saptarshi"]
[Result "0-1"]
[BlackTitle "IM"]
[WhiteElo "2343"]
[BlackElo "2448"]
[WhiteFideId "401463"]
[BlackFideId "5002974"]
[EventDate "2010.12.08"]

1. e4 c5 2. Nf3 Nc6 3. Bb5 d6 4. O-O Bd7 5. Re1 Nf6 6. c3 a6 7. Bf1 Bg4 8. d3 g6
9. Nbd2 Bg7 10. h3 Bxf3 11. Nxf3 O-O 12. d4 cxd4 13. cxd4 d5 14. e5 Ne8 15. Be3
Nc7 16. Qd2 Ne6 17. Ng5 Nxg5 18. Bxg5 f6 19. exf6 Bxf6 20. Bxf6 Rxf6 21. g3 Qb6
22. Rad1 Raf8 23. Re2 Kg7 24. Bg2 e6 25. h4 Nb4 26. a3 Nc6 27. b4 Na7 28. Qd3
Nb5 29. Rc2 Nd6 30. f4 Rc8 31. Rxc8 Nxc8 32. Qc3 Nd6 33. Qc5 Qd8 34. a4 Nf5 35.
Kh2 Rf7 36. Re1 Rc7 37. Qa7 Qd6 38. Qb8 Nxd4 0-1

[Event "London Chess Classic FIDE Open"]
[Site "London ENG"]
[Date "2010.12.12"]
[Round "5"]
[White "Zhou, Yang-Fan"]
[Black "Summerscale, Aaron P"]
[Result "0-1"]
[WhiteTitle "FM"]
[BlackTitle "GM"]
[WhiteElo "2326"]
[BlackElo "2434"]
[WhiteFideId "468584"]
[BlackFideId "400980"]
[EventDate "2010.12.08"]

1. e4 e6 2. d4 d5 3. e5 c5 4. c3 Qb6 5. Nf3 Bd7 6. a3 cxd4 7. cxd4 Bb5 8. Bxb5+
Qxb5 9. Nc3 Qa6 10. Ne2 Ne7 11. O-O Nd7 12. Nf4 Nc6 13. Nh5 Qb6 14. Be3 Qxb2 15.
Ng5 Nd8 16. Qg4 h6 17. Nf3 g6 18. Nf6+ Nxf6 19. exf6 Bxa3 20. Ne5 Bd6 21. Nxg6
Rg8 22. Qd1 Rxg6 23. Qa4+ Kf8 24. Qd7 Qb6 25. Rfc1 Rxf6 26. Rab1 Bb4 27. Rc7 Qd6 0-1

[Event "London Chess Classic FIDE Open"]
[Site "London ENG"]
[Date "2010.12.12"]
[Round "5"]
[White "Getz, Nicolai"]
[Black "Grover, Sahaj"]
[Result "0-1"]
[BlackTitle "IM"]
[WhiteElo "2317"]
[BlackElo "2432"]
[WhiteFideId "1505572"]
[BlackFideId "5021103"]
[EventDate "2010.12.08"]

1. d4 e6 2. c4 Nf6 3. Nc3 Bb4 4. Qc2 O-O 5. a3 Bxc3+ 6. Qxc3 Qe8 7. f3 d6 8. Bg5
Nfd7 9. e3 f5 10. O-O-O e5 11. Bh4 a5 12. Bd3 a4 13. Ne2 Nc6 14. Bf2 Na5 15. e4
fxe4 16. Bxe4 Nf6 17. Bc2 Be6 18. d5 Bf7 19. Qb4 c5 20. dxc6 bxc6 21. Rxd6 Nxc4
22. Rxf6 gxf6 23. Bc5 Rb8 24. Qxa4 Rxb2 25. Nc3 Qb8 26. Bxf8 Qxf8 27. f4 Qc5 28.
Re1 Qd4 29. Ne4 Rb1+ 30. Bxb1 Qb2+ 0-1

[Event "London Chess Classic FIDE Open"]
[Site "London ENG"]
[Date "2010.12.12"]
[Round "5"]
[White "Rodriguez Lopez, Rafael"]
[Black "Arkell, Keith C"]
[Result "1/2-1/2"]
[WhiteTitle "IM"]
[BlackTitle "GM"]
[WhiteElo "2305"]
[BlackElo "2431"]
[WhiteFideId "2204495"]
[BlackFideId "400270"]
[EventDate "2010.12.08"]

1. e4 c6 2. d4 d5 3. Nc3 dxe4 4. Nxe4 Nd7 5. Ng5 Ngf6 6. Bd3 Nb6 7. N1f3 Bg4 8.
h3 Bxf3 9. Nxf3 e6 10. O-O Be7 11. c4 O-O 12. b3 Nbd7 13. Bb2 Qc7 14. Qe2 Rfe8
15. Rad1 Bf8 16. g3 g6 17. Kg2 Bg7 18. Rfe1 a6 19. Bc3 b5 20. Ne5 bxc4 21. bxc4
c5 22. Qf3 Nxe5 1/2-1/2

[Event "London Chess Classic FIDE Open"]
[Site "London ENG"]
[Date "2010.12.12"]
[Round "5"]
[White "Roberson, Peter T"]
[Black "Hanley, Craig A"]
[Result "0-1"]
[BlackTitle "IM"]
[WhiteElo "2291"]
[BlackElo "2428"]
[WhiteFideId "412384"]
[BlackFideId "408514"]
[EventDate "2010.12.08"]

1. e4 c5 2. Nc3 d6 3. f4 g6 4. Nf3 Bg7 5. Bb5+ Bd7 6. Bc4 Nc6 7. O-O Nf6 8. a3
O-O 9. d3 Nd4 10. f5 gxf5 11. Nh4 b5 12. Ba2 b4 13. Ne2 fxe4 14. Nxd4 cxd4 15.
dxe4 bxa3 16. bxa3 Rc8 17. Bb2 e5 18. Qd3 Ng4 19. Nf5 Bxf5 20. Rxf5 Qh4 21. h3
Ne3 22. Rf2 Bh6 23. Bb3 Bf4 24. Rf3 Kh8 25. Bc1 Qe1+ 26. Rf1 0-1

[Event "London Chess Classic FIDE Open"]
[Site "London ENG"]
[Date "2010.12.12"]
[Round "5"]
[White "Slavin, Alexei"]
[Black "Eggleston, David J"]
[Result "1-0"]
[WhiteTitle "IM"]
[BlackTitle "FM"]
[WhiteElo "2425"]
[BlackElo "2307"]
[WhiteFideId "24104388"]
[BlackFideId "412120"]
[EventDate "2010.12.08"]

1. d4 Nf6 2. c4 e6 3. g3 c5 4. d5 exd5 5. cxd5 d6 6. Nc3 g6 7. Bg2 Bg7 8. Nf3
O-O 9. O-O Re8 10. Nd2 a6 11. a4 Nbd7 12. Nc4 Ne5 13. Na3 Bd7 14. Rb1 Rb8 15. b4
b5 16. axb5 axb5 17. Bd2 Qc7 18. h3 Nc4 19. Nxc4 bxc4 20. bxc5 Qxc5 21. Qc2 Rxb1
22. Rxb1 Nh5 23. g4 Nf6 24. Qc1 Bc8 25. Be3 Qc7 26. Nb5 Qe7 27. Qxc4 h5 28. g5
Nd7 29. Qc7 Be5 30. Na7 Qd8 31. Qc4 Bg7 32. Nc6 Ne5 33. Nxe5 Bxe5 34. Rb8 Qd7
35. Qc6 Rf8 36. f4 Bg7 37. Kf2 f6 38. Qxd7 Bxd7 39. Rxf8+ Kxf8 40. Bd4 f5 41.
Bxg7+ Kxg7 42. h4 Kf7 43. Ke3 Ke7 44. Kd4 Ba4 45. e3 Kf7 46. Bf1 Ke7 47. Bd3 Be8
48. Kc3 Kd8 49. Kb4 Bf7 50. e4 fxe4 51. Bxe4 Kc7 52. Kc4 Kd8 53. Kd4 Ke7 54. Bd3
Be8 55. f5 gxf5 56. Bxf5 Ba4 57. Be4 Kf8 58. Ke3 Kg7 59. Kf4 Bd7 60. Bf5 Ba4 61.
Be6 Bc2 62. Ke3 Kf8 63. Kd4 Ke7 64. Kc4 Bg6 65. Kb5 Bd3+ 66. Kb6 Bg6 67. Kc7 Bd3
68. Kc6 Bg6 69. Kb5 Bd3+ 70. Kb4 Bg6 71. Kc4 Kf8 72. Kd4 1-0

[Event "London Chess Classic FIDE Open"]
[Site "London ENG"]
[Date "2010.12.12"]
[Round "5"]
[White "Chapman, Terry P D"]
[Black "Wohl, Aleksandar H."]
[Result "0-1"]
[BlackTitle "IM"]
[WhiteElo "2249"]
[BlackElo "2424"]
[WhiteFideId "413399"]
[BlackFideId "3200345"]
[EventDate "2010.12.08"]

1. Nf3 c5 2. c4 g6 3. d4 cxd4 4. Nxd4 Nf6 5. Nc3 Bg7 6. e4 d6 7. Be2 O-O 8. O-O
a6 9. Be3 b6 10. Qd2 Bb7 11. f3 Nbd7 12. Rfd1 Rc8 13. Rac1 e6 14. b3 Qe7 15. Bg5
Rfd8 16. Nc2 Ne5 17. f4 Nc6 18. Qe3 h6 19. Bh4 Qc7 20. Bf2 Nd7 21. Bf3 Ne7 22.
Nd4 Nc5 23. Nde2 Qb8 24. b4 Nd7 25. Qd3 Nf6 26. Na4 b5 27. cxb5 Rxc1 28. Nxc1
axb5 29. Nc3 Bc6 30. Nb3 g5 31. g3 Ng6 32. Na5 Be8 33. e5 Nh7 34. Ne2 d5 35. h4
gxh4 36. gxh4 Rc8 37. h5 Nxf4 38. Nxf4 Qxe5 39. Ne2 Ng5 40. Bg2 Qb2 41. Nb3 Qxa2
42. Nc5 Ra8 43. Qd2 Qc4 44. Nd4 Ra2 45. Qe1 Rb2 46. Rc1 Bxd4 47. Rxc4 Bxf2+ 48.
Qxf2 Rxf2 49. Kxf2 bxc4 50. Ke3 Kf8 51. Kd4 Ke7 0-1

[Event "London Chess Classic FIDE Open"]
[Site "London ENG"]
[Date "2010.12.12"]
[Round "5"]
[White "Astaneh Lopez, Alex"]
[Black "Dukaczewski, Piotr"]
[Result "1-0"]
[WhiteTitle "FM"]
[BlackTitle "IM"]
[WhiteElo "2405"]
[BlackElo "2297"]
[WhiteFideId "2501430"]
[BlackFideId "1103520"]
[EventDate "2010.12.08"]

1. e4 c5 2. Nf3 Nc6 3. Bb5 d6 4. O-O Bd7 5. Re1 a6 6. Bf1 Bg4 7. d3 Nf6 8. Nbd2
e6 9. h3 Bh5 10. g4 Bg6 11. Bg2 Nd7 12. Nf1 h5 13. Bf4 hxg4 14. hxg4 Nde5 15.
N3h2 Nd7 16. c3 e5 17. Bg3 Be7 18. Nf3 Nf6 19. Ne3 Qd7 20. Nd2 O-O-O 21. a3 Kb8
22. b4 Nh7 23. Rb1 Ng5 24. b5 axb5 25. Rxb5 Nh3+ 26. Bxh3 Rxh3 27. Ndc4 Rdh8 28.
Nb6 Qe6 29. Qa4 Na7 30. Ned5 Qxd5 31. Nxd5 Nxb5 32. Kg2 Nxc3 33. Nxc3 f5 34. Rb1
Bd8 35. Qc6 b6 36. Nd5 1-0

[Event "London Chess Classic FIDE Open"]
[Site "London ENG"]
[Date "2010.12.12"]
[Round "5"]
[White "Coleman, David J"]
[Black "Barle, Janez"]
[Result "0-1"]
[WhiteTitle "CM"]
[BlackTitle "IM"]
[WhiteElo "2247"]
[BlackElo "2403"]
[WhiteFideId "402087"]
[BlackFideId "14600021"]
[EventDate "2010.12.08"]

1. e4 Nc6 2. d4 e5 3. Nf3 exd4 4. Bc4 Be7 5. c3 Na5 6. Bd3 dxc3 7. Nxc3 d6 8.
Bf4 Nf6 9. Rc1 O-O 10. h3 c5 11. O-O a6 12. Qe2 Nc6 13. Rfe1 Be6 14. Rcd1 Nd4
15. Nxd4 cxd4 16. Nd5 Bxd5 17. exd5 Re8 18. a3 Bf8 19. Qd2 Rxe1+ 20. Qxe1 Qb6
21. b4 Re8 22. Qd2 g6 23. Bh6 Bxh6 24. Qxh6 Nxd5 25. Bc4 Nf6 26. Qd2 d5 27. Ba2
Re4 28. Bb1 Re6 29. Kh2 Qc7+ 30. g3 Qc3 31. Qxd4 Qxa3 32. g4 h6 33. Bf5 gxf5 34.
gxf5 Rc6 35. Rg1+ Kf8 36. Qh4 h5 37. Qf4 Qb2 38. Re1 Ne4 39. Kg2 Rc2 40. Qh6+
Qg7+ 0-1

[Event "London Chess Classic FIDE Open"]
[Site "London ENG"]
[Date "2010.12.12"]
[Round "5"]
[White "Rendle, Thomas E"]
[Black "Afek, Yochanan"]
[Result "0-1"]
[WhiteTitle "IM"]
[BlackTitle "IM"]
[WhiteElo "2400"]
[BlackElo "2283"]
[WhiteFideId "408760"]
[BlackFideId "2800462"]
[EventDate "2010.12.08"]

1. e4 c5 2. Nc3 a6 3. f4 b5 4. g3 Bb7 5. Bg2 Nf6 6. Qe2 Nc6 7. Nf3 Nd4 8. Nxd4
cxd4 9. Nd1 Qb6 10. d3 e6 11. O-O Be7 12. Bd2 O-O 13. Nf2 b4 14. g4 Rac8 15.
Rac1 Rc5 16. g5 Ne8 17. c4 bxc3 18. bxc3 dxc3 19. Bxc3 Qc7 20. Bd2 Bc6 21. Be3
Rxc1 22. Rxc1 Qa5 23. h4 f6 24. Bh3 Nc7 25. Ng4 fxg5 26. hxg5 Bd6 27. Rf1 Nb5
28. Qb2 Qc3 29. Qxc3 Nxc3 30. Ne5 Bb5 31. a4 Bxa4 32. Kg2 Bb5 33. Nc4 Bxc4 34.
dxc4 Nxe4 35. Rc1 Bxf4 36. Bxf4 Rxf4 37. g6 Nc5 38. Rb1 hxg6 39. Rb8+ 0-1

[Event "London Chess Classic FIDE Open"]
[Site "London ENG"]
[Date "2010.12.12"]
[Round "5"]
[White "Cox, John J"]
[Black "Rudd, Jack"]
[Result "1-0"]
[WhiteTitle "IM"]
[BlackTitle "IM"]
[WhiteElo "2398"]
[BlackElo "2253"]
[WhiteFideId "401064"]
[BlackFideId "405736"]
[EventDate "2010.12.08"]

1. c4 e5 2. g3 Nf6 3. Bg2 g6 4. Nc3 Bg7 5. e4 O-O 6. Nge2 d6 7. O-O Nc6 8. d3
Nh5 9. Be3 f5 10. exf5 gxf5 11. f4 Nf6 12. Kh1 Ne7 13. Qd2 Ng6 14. Rad1 Ng4 15.
Bg1 h5 16. h3 Nf6 17. fxe5 dxe5 18. d4 e4 19. Qg5 Kh7 20. Be3 Nh8 21. Nd5 Nxd5
22. Qxh5+ Kg8 23. cxd5 Qxd5 24. g4 Qxa2 25. gxf5 Bd7 26. f6 Rxf6 27. Rxf6 Bxf6
28. Rf1 Rf8 29. Bxe4 Rf7 30. Rxf6 Qa1+ 31. Ng1 Rxf6 32. Qh7+ 1-0

[Event "London Chess Classic FIDE Open"]
[Site "London ENG"]
[Date "2010.12.12"]
[Round "5"]
[White "Hennigan, Michael T"]
[Black "White, Michael J R"]
[Result "1-0"]
[WhiteTitle "IM"]
[BlackTitle "FM"]
[WhiteElo "2388"]
[BlackElo "2247"]
[WhiteFideId "400858"]
[BlackFideId "407380"]
[EventDate "2010.12.08"]

1. g3 d5 2. Bg2 Nf6 3. d3 e5 4. Nf3 Nc6 5. O-O Be7 6. c4 d4 7. b4 e4 8. dxe4
Bxb4 9. Bb2 Bc5 10. Nbd2 O-O 11. Nb3 Qe7 12. Nfxd4 Bxd4 13. Nxd4 Nxe4 14. Nxc6
bxc6 15. Qd4 f5 16. Rfd1 Ba6 17. g4 Rae8 18. gxf5 c5 19. Qd5+ Kh8 20. Qxe4 Qxe4
21. Bxe4 Rxe4 22. Rd7 Rg4+ 23. Kh1 Bc8 24. Rxc7 Bxf5 25. f3 1-0

[Event "London Chess Classic FIDE Open"]
[Site "London ENG"]
[Date "2010.12.12"]
[Round "5"]
[White "Pena Gomez, Manuel"]
[Black "Haydon, David L"]
[Result "1/2-1/2"]
[WhiteTitle "IM"]
[WhiteElo "2429"]
[BlackElo "2218"]
[WhiteFideId "2252813"]
[BlackFideId "415405"]
[EventDate "2010.12.08"]

1. g3 Nf6 2. Bg2 e5 3. c4 d6 4. Nc3 Be7 5. e3 c6 6. Nge2 Be6 7. Qb3 Qc8 8. d4
Na6 9. d5 Nc5 10. Qd1 Bh3 11. O-O cxd5 12. cxd5 h5 13. f3 e4 14. Bxh3 Qxh3 15.
b4 Nd3 16. Nxe4 Ng4 17. fxg4 hxg4 18. Rf2 Nxf2 19. Nxf2 Qxh2+ 20. Kf1 Bh4 21.
Bb2 Bxg3 22. Nxg3 Qxg3 23. Qxg4 Rh1+ 24. Ke2 Qxg4+ 25. Nxg4 Rxa1 26. Bxa1 Rc8
27. Bxg7 Rc2+ 28. Kd3 Rg2 29. Nf6+ Ke7 30. Nh5 Rxa2 31. Bc3 Rg2 32. Nf4 Rh2 33.
Ne2 Rh1 34. Nd4 Rh5 35. e4 Rh3+ 36. Kc4 a6 37. Nf5+ Kd7 38. Be1 Rf3 39. b5 Rf4
40. Kd4 axb5 41. Nxd6 Rf1 42. Bg3 Rf3 43. Nf5 b4 44. Kc4 b3 45. Be5 b5+ 46. Kb4
Rf4 47. Kxb3 Rxe4 48. Bb8 Re8 49. Bf4 Re4 50. Bd2 Re5 51. Ne3 Rxe3+ 52. Bxe3 Kd6
53. Kb4 Kxd5 54. Kxb5 1/2-1/2

[Event "London Chess Classic FIDE Open"]
[Site "London ENG"]
[Date "2010.12.12"]
[Round "5"]
[White "Thomassen, Joachim"]
[Black "Maduekwe, Chiedu"]
[Result "0-1"]
[WhiteTitle "IM"]
[WhiteElo "2418"]
[BlackElo "2185"]
[WhiteFideId "1504991"]
[BlackFideId "8500118"]
[EventDate "2010.12.08"]

1. e4 Nf6 2. e5 Nd5 3. d4 d6 4. Nf3 dxe5 5. Nxe5 c6 6. Bc4 Be6 7. Bb3 Nd7 8. Nf3
Bg4 9. h3 Bh5 10. O-O e6 11. Re1 Be7 12. Nbd2 O-O 13. Ne4 h6 14. Qe2 Re8 15. c4
N5f6 16. Nxf6+ Bxf6 17. g4 Bg6 18. Ne5 Bxe5 19. dxe5 Qc7 20. Bf4 Nc5 21. Rad1
Rad8 22. Bc2 Bxc2 23. Qxc2 Qa5 24. Re3 Rxd1+ 25. Qxd1 Rd8 26. Qb1 Qd2 27. b4 Nd3
28. Bg3 Qxb4 29. Qxb4 Nxb4 30. Rb3 a5 31. f3 Rd3 32. Be1 Rxb3 33. axb3 b6 34.
Bxb4 axb4 35. Kf2 Kf8 36. Ke3 c5 37. Ke4 Ke7 38. f4 g6 39. Kd3 Kd7 40. h4 Kc6
41. Kc2 h5 42. g5 b5 43. Kb2 Kb6 44. Kc2 Ka5 45. Kb2 bxc4 46. bxc4 Ka4 0-1